| 000 | 00671nam a22001937a 4500 | ||
|---|---|---|---|
| 005 | 20251108165804.0 | ||
| 008 | 250721s9999 xx 000 0 ara d | ||
| 082 | 1 | 4 | _aم/347.0962/عبد |
| 100 | 1 | _aالسنهوري، عبد الرزاق أحمد | |
| 245 | 1 | 0 |
_aالنظرية العامة للإلتزامات : _bشرح القانون المدني / |
| 264 | 1 |
_aبيروت : _bالمجمع العلمي العربي الإسلامي، _c[19-]. |
|
| 300 | _a4ج | ||
| 490 | 0 | _aشرح القانون المدني ؛ 1 | |
| 650 | 1 | 7 | _aالقانون المدني |
| 650 | 1 | 7 | _aالقانون العام |
| 650 | 1 | 7 | _aمصر |
| 942 |
_2ddc _cREF |
||
| 999 |
_c31342 _d31342 |
||